[Event "XV C.to Europeo a squadre Seniores"]
[Site "Dresda GER"]
[Date "2013.07.26"]
[Round "7.4"]
[White "Ackermann, Hans-Werner"]
[Black "Albano, Marco"]
[Result "0-1"]
[WhiteElo "2308"]
[BlackElo "2288"]
[PlyCount "52"]
[EventDate "2013.07.20"]

1. b3 e5 2. Bb2 Nc6 3. e3 d6 4. Bb5 Bd7 5. Nc3 g6 6. Nf3 Bg7 7. d4 Nh6 8. Qd2
a6 9. Bxc6 Bxc6 10. dxe5 dxe5 11. e4 Qxd2+ 12. Nxd2 O-O-O 13. f3 f5 14. O-O-O
Nf7 15. Nc4 Bb5 16. Na3 Nd6 17. Naxb5 axb5 18. Ba3 fxe4 19. fxe4 Bf8 20. Bxd6
Bxd6 21. Nxb5 Bc5 22. Nc3 Rhf8 23. Rxd8+ Rxd8 24. a4 Ba3+ 25. Kb1 Rd2 26. g3 c6
0-1

[Event "XV C.to Europeo a squadre Seniores"]
[Site "Dresda GER"]
[Date "2013.07.27"]
[Round "8.1"]
[White "Rooze, Jan"]
[Black "Tatai, Stefano"]
[Result "0-1"]
[WhiteElo "2386"]
[BlackElo "2365"]
[PlyCount "78"]
[EventDate "2013.07.20"]

1. e4 c5 2. Nf3 d6 3. Bb5+ Bd7 4. Bxd7+ Qxd7 5. c4 Nc6 6. Nc3 g6 7. d4 cxd4 8.
Nxd4 Bg7 9. Nde2 Nf6 10. f3 O-O 11. O-O Rfc8 12. Bg5 Qd8 13. Qd2 Qa5 14. b3 Nd7
15. Rac1 a6 16. Bh6 b5 17. Bxg7 Kxg7 18. Qb2 f6 19. Nd5 Nde5 20. b4 Qd8 21.
Nef4 Kf7 22. cxb5 axb5 23. Ne3 Qb6 24. Qb3+ Nc4 25. Nfd5 Qa7 26. Rf2 e6 27.
Nxc4 bxc4 28. Qxc4 Ne5 29. Qc7+ Nd7 30. Rc6 Rxc7 31. Rxc7 Qa4 32. Nc3 Qxb4 33.
Rxd7+ Kg8 34. Rc7 Qb6 35. Rc4 Ra3 36. g3 Qe3 37. Rc8+ Kg7 38. Rc7+ Kh6 39. Nd1
Qd4 0-1

[Event "XV C.to Europeo a squadre Seniores"]
[Site "Dresda GER"]
[Date "2013.07.27"]
[Round "8.2"]
[White "Mariotti, Sergio"]
[Black "Roofthoofd, Marcel"]
[Result "1/2-1/2"]
[WhiteElo "2295"]
[BlackElo "2196"]
[PlyCount "26"]
[EventDate "2013.07.20"]

1. d4 d5 2. c4 c6 3. cxd5 cxd5 4. Be3 Nf6 5. Nf3 Nc6 6. Bf4 Nh5 7. Bd2 g6 8. e3
Bg7 9. Be2 O-O 10. Ne5 Nxe5 11. dxe5 d4 12. exd4 Qxd4 13. Bxh5 gxh5 1/2-1/2

[Event "XV C.to Europeo a squadre Seniores"]
[Site "Dresda GER"]
[Date "2013.07.27"]
[Round "8.4"]
[White "Valenti, Giuseppe"]
[Black "Schuermans, Robert"]
[Result "1/2-1/2"]
[WhiteElo "2185"]
[BlackElo "2127"]
[PlyCount "43"]
[EventDate "2013.07.20"]

1. e4 e5 2. Nf3 Nc6 3. Bb5 f5 4. d3 fxe4 5. dxe4 Nf6 6. O-O d6 7. Nc3 Be7 8.
Qd3 O-O 9. Qc4+ Kh8 10. Bxc6 bxc6 11. Qxc6 Rb8 12. Qc4 c6 13. Qd3 Nh5 14. b3 g5
15. Be3 Nf4 16. Qd2 Qd7 17. Ne1 Ba6 18. Nd3 Nxg2 19. Kxg2 Qg4+ 20. Kh1 Qf3+ 21.
Kg1 Qg4+ 22. Kh1 1/2-1/2

[Event "XV C.to Europeo a squadre Seniores"]
[Site "Dresda GER"]
[Date "2013.07.28"]
[Round "9.2"]
[White "Pushkov, Nikolai"]
[Black "Mariotti, Sergio"]
[Result "1/2-1/2"]
[WhiteElo "2396"]
[BlackElo "2295"]
[PlyCount "87"]
[EventDate "2013.07.20"]

1. d4 Nf6 2. Nf3 g6 3. c4 Bg7 4. Nc3 c5 5. e4 cxd4 6. Nxd4 d6 7. Be2 O-O 8. Be3
Nc6 9. Qd2 Bd7 10. O-O Nxd4 11. Bxd4 Bc6 12. f3 a5 13. b3 Nd7 14. Be3 Nc5 15.
Rab1 Qb6 16. Rfd1 Qb4 17. Nd5 Bxd5 18. exd5 Qxd2 19. Rxd2 Bc3 20. Rc2 Bb4 21.
Bd1 Rfb8 22. a4 Re8 23. Re2 e6 24. dxe6 Rxe6 25. Bd4 Rae8 26. Kf1 f5 27. Rbb2
Kf7 28. Rxe6 Nxe6 29. Bf2 Bc5 30. Rd2 Bxf2 31. Kxf2 Ke7 32. g3 Kd7 33. h4 Nc5
34. Rd5 Re5 35. Rd4 Ne6 36. Rd2 f4 37. gxf4 Nxf4 38. Bc2 Ne6 39. Rd1 Ke7 40.
Rb1 Kd7 41. Be4 Nc5 42. Bc2 Ne6 43. Be4 Nc5 44. Bc2 1/2-1/2

[Event "XV C.to Europeo a squadre Seniores"]
[Site "Dresda GER"]
[Date "2013.07.28"]
[Round "9.3"]
[White "Micheli, Carlo"]
[Black "Mishuchkov, Nikolai M."]
[Result "1/2-1/2"]
[WhiteElo "2287"]
[BlackElo "2359"]
[PlyCount "40"]
[EventDate "2013.07.20"]

1. e4 c5 2. Nf3 e6 3. d4 cxd4 4. Nxd4 Nc6 5. Nb5 d6 6. c4 a6 7. N5c3 Nf6 8. Be2
Be7 9. O-O O-O 10. Be3 b6 11. f4 Bb7 12. Bf3 Nd7 13. Qe2 Rc8 14. Rd1 Qc7 15.
Na3 Rfd8 16. Rac1 Nc5 17. Nab1 Bf6 18. Rd2 Qb8 19. Rcd1 h6 20. Bf2 Ba8 1/2-1/2

[Event "XV C.to Europeo a squadre Seniores"]
[Site "Dresda GER"]
[Date "2013.07.28"]
[Round "9.4"]
[White "Zhelnin, Vladimir V."]
[Black "Albano, Marco"]
[Result "1-0"]
[WhiteElo "2459"]
[BlackElo "2288"]
[PlyCount "108"]
[EventDate "2013.07.20"]

1. e4 e5 2. Bc4 Nc6 3. Nf3 Nf6 4. d3 Bc5 5. Nc3 a6 6. Bg5 h6 7. Bxf6 Qxf6 8.
Nd5 Qd8 9. c3 d6 10. d4 Ba7 11. dxe5 dxe5 12. Qe2 Bc5 13. Rd1 Bd6 14. O-O O-O
15. Rd2 Ne7 16. Ne3 Ng6 17. g3 Bh3 18. Rfd1 Qc8 19. Kh1 Bg4 20. Nxg4 Qxg4 21.
Ne1 Qxe2 22. Rxe2 Rfd8 23. Red2 Be7 24. h4 Rxd2 25. Rxd2 Rd8 26. Rxd8+ Bxd8 27.
Nd3 b5 28. Bb3 Bf6 29. Nc5 a5 30. a4 bxa4 31. Bxa4 Nf8 32. Nb7 g5 33. hxg5 Bxg5
34. Nxa5 Bc1 35. Nc4 f6 36. Bc6 Kf7 37. Kg2 Ke7 38. Kf3 Ne6 39. Ke2 Nd8 40. Ba4
h5 41. b4 Ne6 42. Ne3 Bxe3 43. Kxe3 Ng7 44. Bb3 f5 45. Bc2 fxe4 46. Bxe4 Ne8
47. c4 Nf6 48. c5 Ke6 49. f3 Kd7 50. b5 Ke6 51. Kd3 Kd7 52. Bf5+ Ke7 53. Kc4
Kd8 54. b6 c6 1-0

[Event "IV Festival Terre degli Elimi A"]
[Site "Erice ITA"]
[Date "2013.07.24"]
[Round "1"]
[White "Alaimo, Francesco"]
[Black "Bous, Florian"]
[WhiteElo "1657"]
[BlackElo "2072"]
[Result "0-1"]
[PlyCount "52"]
[EventDate "2013.07.24"]

1. Nf3 d5 2. g3 c5 3. Bg2 Nc6 4. O-O e5 5. d3 Nf6 6. Nbd2 Bd6 7. e4 d4 8. h3
Rb8 9. Re1 O-O 10. Nf1 b5 11. g4 c4 12. a3 Nd7 13. dxc4 bxc4 14. Ng3 Nc5 15.
Nf5 g6 16. Nh6+ Kg7 17. Rb1 Ne6 18. Bd2 f6 19. h4 Nf4 20. g5 fxg5 21. hxg5 Be7
22. Nh2 Bxg5 23. N6g4 h5 24. Bb4 Rf7 25. Nxe5 Nxe5 26. Bf1 Bh3 0-1

[Event "IV Festival Terre degli Elimi A"]
[Site "Erice ITA"]
[Date "2013.07.24"]
[Round "1"]
[White "Arnaudov, G. Petar"]
[Black "Marzaduri, Riccardo"]
[WhiteElo "2487"]
[BlackElo "1931"]
[Result "1-0"]
[PlyCount "103"]
[EventDate "2013.07.24"]

1. Nf3 Nf6 2. c4 g6 3. Nc3 Bg7 4. e4 d6 5. d4 O-O 6. h3 e5 7. d5 a5 8. g4 Na6
9. Be3 b6 10. Be2 Nc5 11. Nd2 Ne8 12. Rg1 h6 13. Qc2 Bd7 14. h4 a4 15. a3 Qe7
16. h5 g5 17. f3 Nf6 18. Bd1 Rfe8 19. Qb1 Reb8 20. Bc2 Qe8 21. Qd1 Ra7 22. Qe2
Rab7 23. Nb5 Ra8 24. Nb1 Bxb5 25. cxb5 Rba7 26. Nc3 Nfd7 27. Qc4 Qe7 28. Rc1
Qd8 29. Bd1 Bf8 30. Qe2 Qe8 31. Rg2 Qd8 32. Na2 Qe8 33. Rc4 Ra5 34. Rb4 Nb7 35.
Nc3 Ndc5 36. Qc4 Qd7 37. Bxa4 Nxa4 38. Rxa4 Rxa4 39. Nxa4 Na5 40. Qd3 Nb7 41.
Nc3 Nc5 42. Qc4 Be7 43. Rc2 Bd8 44. a4 f6 45. b3 Kf8 46. Na2 Rc8 47. Nb4 Nb7
48. Nc6 Kg7 49. b4 Kf8 50. a5 bxa5 51. bxa5 Ra8 52. a6 1-0

[Event "IV Festival Terre degli Elimi A"]
[Site "Erice ITA"]
[Date "2013.07.24"]
[Round "1"]
[White "Bertino, Giacomo"]
[Black "Van Assendelft, Floris"]
[WhiteElo "1928"]
[BlackElo "2381"]
[Result "0-1"]
[PlyCount "74"]
[EventDate "2013.07.24"]

1. d4 Nf6 2. Nf3 g6 3. Nc3 d5 4. e3 Bg7 5. Bd3 O-O 6. O-O c5 7. b3 Nc6 8. Bb2
cxd4 9. exd4 Bg4 10. Be2 Re8 11. Re1 e6 12. h3 Bxf3 13. Bxf3 a6 14. Na4 Nd7 15.
c3 b5 16. Nc5 Nxc5 17. dxc5 b4 18. Qd2 a5 19. a3 Qf6 20. Rec1 Rab8 21. axb4
axb4 22. Ra6 Rec8 23. Ba1 Ne5 24. Be2 Rxc5 25. cxb4 Rxc1+ 26. Qxc1 Qd8 27. f4
Rc8 28. Qd2 Nd7 29. Bxg7 Kxg7 30. Qd4+ Kg8 31. Qa7 Qf6 32. Bc4 dxc4 33. Qxd7
Rd8 34. Qc7 cxb3 35. Rd6 Rxd6 36. Qxd6 b2 37. Qd1 Qxf4 0-1

[Event "IV Festival Terre degli Elimi A"]
[Site "Erice ITA"]
[Date "2013.07.24"]
[Round "1"]
[White "Bocci, Alessandro"]
[Black "Aghayev, Miragha"]
[WhiteElo "1888"]
[BlackElo "2299"]
[Result "0-1"]
[PlyCount "80"]
[EventDate "2013.07.24"]

1. e4 c5 2. c3 d5 3. exd5 Qxd5 4. d4 Nf6 5. Nf3 Bg4 6. Be2 e6 7. O-O Nc6 8. Be3
cxd4 9. cxd4 Be7 10. Nc3 Qa5 11. Qb3 Qb4 12. Qxb4 Nxb4 13. Bb5+ Kf8 14. Rac1
Bxf3 15. gxf3 a6 16. Be2 g5 17. a3 Nbd5 18. Ne4 h6 19. Rc2 Kg7 20. Rfc1 Rhd8
21. Nc5 Rab8 22. Ne4 Nh5 23. Nc3 Ndf4 24. Ne4 Bf6 25. Nxf6 Nxf6 26. Kf1 N6d5
27. Bc4 Ne7 28. Bxf4 gxf4 29. Rd1 Rbc8 30. Bd3 Rxd4 31. Rxc8 Nxc8 32. Ke2 Nd6
33. Rc1 a5 34. Rc5 Rd5 35. Rc7 Kf6 36. Rd7 b6 37. Rd8 Nf5 38. Rxd5 exd5 39. Kd2
Nd4 40. b4 axb4 0-1

[Event "IV Festival Terre degli Elimi A"]
[Site "Erice ITA"]
[Date "2013.07.24"]
[Round "1"]
[White "Calamia, Giampaolo"]
[Black "Van Weersel, Arlette"]
[WhiteElo "1803"]
[BlackElo "2176"]
[Result "0-1"]
[PlyCount "66"]
[EventDate "2013.07.24"]

1. e4 e5 2. Nf3 Nc6 3. Bc4 Nf6 4. d4 exd4 5. O-O Nxe4 6. Re1 d5 7. Bxd5 Qxd5 8.
Nc3 Qa5 9. Nxe4 Be6 10. Neg5 O-O-O 11. Nxe6 fxe6 12. Rxe6 Bd6 13. Bd2 Qh5 14.
h3 h6 15. Nh2 Qc5 16. Qg4 Kb8 17. Qe4 Rhf8 18. Nf3 Qb5 19. b4 Qf5 20. Qxf5 Rxf5
21. a3 a5 22. bxa5 Rc5 23. Bb4 Nxb4 24. axb4 Rxc2 25. Nxd4 Rc4 26. Nf5 Bxb4 27.
Nxg7 Rd2 28. Nh5 Rcc2 29. Rf6 Ka7 30. Rf7 Bc3 31. Rf1 Bxa5 32. Rf6 c5 33. Rxh6
c4 0-1

[Event "IV Festival Terre degli Elimi A"]
[Site "Erice ITA"]
[Date "2013.07.24"]
[Round "1"]
[White "Campo, Renato"]
[Black "Aceto, Andrea"]
[WhiteElo "1998"]
[BlackElo "1569"]
[Result "1-0"]
[PlyCount "51"]
[EventDate "2013.07.24"]

1. d4 d5 2. Nc3 Nf6 3. Bg5 e6 4. e4 dxe4 5. Nxe4 Be7 6. Bxf6 Bxf6 7. Nf3 Nc6 8.
c3 O-O 9. Bd3 Bd7 10. Qe2 g6 11. O-O-O a5 12. h4 h6 13. Nxf6+ Qxf6 14. Qe3 Kg7
15. g4 Qe7 16. Rde1 Qd6 17. h5 g5 18. Nxg5 Qd5 19. Ne4 Qxa2 20. g5 f5 21. gxf6+
Kf7 22. Qxh6 Rg8 23. Ng5+ Rxg5 24. Qxg5 Rg8 25. Bg6+ Kf8 26. Qh6+ 1-0

[Event "IV Festival Terre degli Elimi A"]
[Site "Erice ITA"]
[Date "2013.07.24"]
[Round "1"]
[White "Cannella, Carlo"]
[Black "Licata, Silvio"]
[WhiteElo "1972"]
[BlackElo "1545"]
[Result "1-0"]
[PlyCount "41"]
[EventDate "2013.07.24"]

1. e4 e5 2. Nf3 Nc6 3. Bb5 Nf6 4. O-O Bc5 5. Bxc6 bxc6 6. Nxe5 O-O 7. d4 Bb6 8.
Re1 Re8 9. Nc3 c5 10. Nc4 Bb7 11. d5 d6 12. a4 a5 13. Bg5 h6 14. Bh4 g5 15. Bg3
Bc8 16. f4 g4 17. Bh4 g3 18. hxg3 Bg4 19. Qd2 c6 20. e5 cxd5 21. Nxd6 1-0

[Event "IV Festival Terre degli Elimi A"]
[Site "Erice ITA"]
[Date "2013.07.24"]
[Round "1"]
[White "Duijker, Rick"]
[Black "Cazacu, Gabriela"]
[WhiteElo "2258"]
[BlackElo "1845"]
[Result "1-0"]
[PlyCount "107"]
[EventDate "2013.07.24"]

1. d4 Nf6 2. Bg5 Ne4 3. Bf4 c5 4. f3 Nf6 5. dxc5 Qa5+ 6. Nc3 Qxc5 7. e4 a6 8.
Qd2 d6 9. Be3 Qc7 10. O-O-O Nbd7 11. g4 e6 12. g5 Nh5 13. f4 b5 14. Be2 g6 15.
Bd4 Rg8 16. Bxh5 gxh5 17. a3 Bb7 18. h4 O-O-O 19. Qe2 Nc5 20. Rh3 Be7 21. Qxh5
Kb8 22. Qxh7 Rc8 23. Bxc5 dxc5 24. e5 b4 25. Nb1 bxa3 26. Nxa3 c4 27. Ne2 Bxa3
28. Rxa3 Rh8 29. Qg7 Rhg8 30. Qh6 Rh8 31. Qf6 Rhg8 32. h5 Rcf8 33. Rh3 Bg2 34.
Rg3 Qb7 35. Nd4 Bd5 36. c3 a5 37. Rdg1 a4 38. Nc2 Bf3 39. g6 Bxh5 40. g7 Rd8
41. Rh3 Bg6 42. Rh8 Qd5 43. Nd4 a3 44. bxa3 Qc5 45. Kb2 Qb6+ 46. Ka2 Ka8 47.
Rxg8 Rxg8 48. Qe7 Rb8 49. Qb4 Qxb4 50. axb4 Rg8 51. Nxe6 Bf5 52. Nc7+ Kb7 53.
Ne8 Bg6 54. Nf6 1-0

[Event "IV Festival Terre degli Elimi A"]
[Site "Erice ITA"]
[Date "2013.07.24"]
[Round "1"]
[White "Fontana, Giulio"]
[Black "Martinez, Ayelen"]
[WhiteElo "1774"]
[BlackElo "2103"]
[Result "0-1"]
[PlyCount "36"]
[EventDate "2013.07.24"]

1. d4 Nf6 2. f3 g6 3. e4 d6 4. Be3 Bg7 5. Qd2 Nbd7 6. Na3 c6 7. Bd3 O-O 8. Bh6
Bxh6 9. Qxh6 Qb6 10. O-O-O Qxd4 11. Ne2 Qc5 12. g4 Ne5 13. g5 Qe3+ 14. Kb1 Nxf3
15. h4 Ng4 16. Nc4 Qc5 17. Rdf1 Nxh6 18. gxh6 Be6 0-1

[Event "IV Festival Terre degli Elimi A"]
[Site "Erice ITA"]
[Date "2013.07.24"]
[Round "1"]
[White "Galante, Benedetto"]
[Black "Pesiri, Rossano"]
[WhiteElo "1518"]
[BlackElo "1952"]
[Result "0-1"]
[PlyCount "42"]
[EventDate "2013.07.24"]

1. e4 c5 2. Nc3 g6 3. f4 Bg7 4. Nf3 d6 5. Bb5+ Nc6 6. Bxc6+ bxc6 7. Rb1 Nf6 8.
d3 O-O 9. O-O Nh5 10. Qe1 d5 11. Ne2 Qb6 12. Kh1 Qa6 13. a3 c4 14. dxc4 dxe4
15. Nfd4 Qxc4 16. c3 Ba6 17. b3 Qd5 18. c4 Qd6 19. Nc2 Qd3 20. Qd2 Rab8 21. Ne1
Qxb1 0-1

[Event "IV Festival Terre degli Elimi A"]
[Site "Erice ITA"]
[Date "2013.07.24"]
[Round "1"]
[White "Ganci, Fabrizio"]
[Black "D'Eredita', Elena"]
[WhiteElo "2073"]
[BlackElo "1673"]
[Result "1/2-1/2"]
[PlyCount "60"]
[EventDate "2013.07.24"]

1. d4 Nf6 2. Nf3 g6 3. Nbd2 Bg7 4. e4 d6 5. Bc4 O-O 6. O-O e6 7. Bb3 b6 8. Re1
Bb7 9. c3 Nbd7 10. Qe2 c5 11. e5 dxe5 12. Nxe5 Nxe5 13. dxe5 Nd5 14. Qg4 b5 15.
Nf3 Qe7 16. Bg5 Qc7 17. Rad1 c4 18. Bc2 b4 19. Rd4 Rac8 20. cxb4 Nxb4 21. Be4
Nd3 22. Bxd3 cxd3 23. Rxd3 Bxf3 24. Qxf3 Bxe5 25. Red1 Bxb2 26. Rd7 Qa5 27. Be7
Rc1 28. g3 Rxd1+ 29. Qxd1 Rc8 30. Qe2 Qb6 1/2-1/2

[Event "IV Festival Terre degli Elimi A"]
[Site "Erice ITA"]
[Date "2013.07.24"]
[Round "1"]
[White "Groenewold, Jan Joris"]
[Black "Schlee, Ulrich"]
[WhiteElo "2175"]
[BlackElo "1802"]
[Result "1-0"]
[PlyCount "79"]
[EventDate "2013.07.24"]

1. d4 d5 2. Nf3 Nf6 3. c4 e6 4. g3 Nbd7 5. Bg2 dxc4 6. Qa4 Be7 7. O-O O-O 8.
Qxc4 c5 9. Rd1 Nb6 10. Qb3 c4 11. Qc2 Bd7 12. Nc3 Rc8 13. e4 Bc6 14. Ne5 Qc7
15. Bf4 Qd8 16. Nxc6 Rxc6 17. d5 exd5 18. exd5 Rd6 19. Bxd6 Bxd6 20. Nb5 Qd7
21. a4 a6 22. Nxd6 Qxd6 23. a5 Nbd7 24. Qxc4 Ne5 25. Qb3 h5 26. Rac1 h4 27.
Qxb7 hxg3 28. hxg3 Neg4 29. Qc7 Qb4 30. Qc3 Qb8 31. d6 Nd7 32. Rc2 Qb5 33. Qc6
Qh5 34. Qxd7 Ne3 35. Rcd2 Nxd1 36. Qh3 Qxa5 37. Rxd1 Qa4 38. Qh5 Qc2 39. d7 Rd8
40. Re1 1-0

[Event "IV Festival Terre degli Elimi A"]
[Site "Erice ITA"]
[Date "2013.07.24"]
[Round "1"]
[White "Gruppuso, Arcangelo"]
[Black "Bifulco, Michel"]
[WhiteElo "1586"]
[BlackElo "2026"]
[Result "0-1"]
[PlyCount "74"]
[EventDate "2013.07.24"]

1. e4 d5 2. exd5 Nf6 3. Nc3 Nxd5 4. Nxd5 Qxd5 5. Nf3 Nc6 6. c3 Bg4 7. Be2 O-O-O
8. d4 e6 9. Qb3 Be7 10. Be3 Bf6 11. Qxd5 Rxd5 12. h3 Bh5 13. g4 Bg6 14. h4 h6
15. Bc4 Rd7 16. Rd1 Be4 17. Rh3 Rhd8 18. Rd2 Bxf3 19. Rxf3 Bxh4 20. Bf4 Bf6 21.
Bb5 Rd5 22. Bxc6 bxc6 23. Re3 c5 24. Be5 cxd4 25. cxd4 Bxe5 26. Rxe5 Rxd4 27.
Rxd4 Rxd4 28. f3 Rd5 29. Re3 Rb5 30. b3 Ra5 31. a4 Kd7 32. Kd2 Rc5 33. Rc3 Rxc3
34. Kxc3 g6 35. Kd4 Kd6 36. f4 c5+ 37. Ke4 f5+ 0-1

[Event "IV Festival Terre degli Elimi A"]
[Site "Erice ITA"]
[Date "2013.07.24"]
[Round "1"]
[White "Gueci, Laura"]
[Black "Masternak, Grzegorz"]
[WhiteElo "1913"]
[BlackElo "2339"]
[Result "0-1"]
[PlyCount "46"]
[EventDate "2013.07.24"]

1. c4 e5 2. g3 Nc6 3. Bg2 g6 4. Nc3 Bg7 5. d3 d6 6. e4 Be6 7. Nge2 f5 8. Nd5
Nf6 9. O-O O-O 10. Bg5 Qd7 11. Qd2 Nh5 12. Rac1 Rf7 13. f3 Raf8 14. exf5 gxf5
15. Be3 f4 16. gxf4 Nd4 17. Ng3 Nxf4 18. Bxf4 exf4 19. Nh5 Be5 20. Qf2 c6 21.
Ndf6+ Rxf6 22. Nxf6+ Rxf6 23. Kh1 Nf5 0-1

[Event "IV Festival Terre degli Elimi A"]
[Site "Erice ITA"]
[Date "2013.07.24"]
[Round "1"]
[White "Iannello, Andrea"]
[Black "Nabuurs, Mart"]
[WhiteElo "1837"]
[BlackElo "2243"]
[Result "0-1"]
[PlyCount "56"]
[EventDate "2013.07.24"]

1. e4 c5 2. Nf3 d6 3. d4 cxd4 4. Nxd4 Nf6 5. Nc3 a6 6. Be3 e5 7. Nb3 Be6 8. f3
Be7 9. Qd2 O-O 10. O-O-O Nbd7 11. g4 b5 12. g5 b4 13. Ne2 Ne8 14. Ng3 a5 15.
Kb1 a4 16. Nc1 Nc7 17. f4 exf4 18. Bxf4 b3 19. cxb3 axb3 20. a3 d5 21. Nf5 Nc5
22. Nxe7+ Qxe7 23. Bxc7 Nxe4 24. Qe3 Bf5 25. Bd3 Nc3+ 26. bxc3 Qxa3 27. Na2
Qxa2+ 28. Kc1 b2+ 0-1

[Event "IV Festival Terre degli Elimi A"]
[Site "Erice ITA"]
[Date "2013.07.24"]
[Round "1"]
[White "Iannello, Antonio"]
[Black "Konijn, Bart"]
[WhiteElo "1852"]
[BlackElo "2264"]
[Result "0-1"]
[PlyCount "70"]
[EventDate "2013.07.24"]

1. e4 e5 2. Nf3 Nc6 3. Bb5 a6 4. Ba4 Nf6 5. O-O Be7 6. Re1 b5 7. Bb3 d6 8. c3
O-O 9. h3 Na5 10. Bc2 c5 11. d4 Qc7 12. Nbd2 cxd4 13. cxd4 Bb7 14. Nf1 Rac8 15.
Bb1 d5 16. exd5 exd4 17. Nxd4 Nxd5 18. Bf5 Rcd8 19. Bd2 Nc4 20. Rc1 Qb6 21. Nf3
Bc5 22. Qe2 Nxd2 23. N1xd2 Nf4 24. Qf1 Rxd2 25. Nxd2 Bxg2 26. Qxg2 Nxg2 27.
Kxg2 Bxf2 28. Re2 Be3 29. Rc2 g6 30. Be4 Qd4 31. Bb7 Rb8 32. Bxa6 Bxd2 33.
Rexd2 Qa7 34. Rc6 Rb6 35. Rdd6 Qa8 0-1

[Event "IV Festival Terre degli Elimi A"]
[Site "Erice ITA"]
[Date "2013.07.24"]
[Round "1"]
[White "Kampman, Tijmen"]
[Black "Gutierrez Bolado, Juan Antonio"]
[WhiteElo "2094"]
[BlackElo "1711"]
[Result "1-0"]
[PlyCount "67"]
[EventDate "2013.07.24"]

1. c4 e6 2. g3 Nf6 3. Bg2 Nc6 4. Nf3 Bc5 5. O-O O-O 6. d4 Be7 7. d5 Na5 8. b3
b6 9. Nc3 Nb7 10. e4 exd5 11. exd5 d6 12. Nd4 Bd7 13. Re1 Re8 14. Bb2 Bf8 15.
Qc2 g6 16. b4 a5 17. Nc6 Qc8 18. Nb5 Bf5 19. Qc3 Bg7 20. Ne7+ Rxe7 21. Rxe7 Nh5
22. Qd2 Bd7 23. Bxg7 Nxg7 24. Nd4 axb4 25. Qxb4 Nc5 26. Qc3 Qd8 27. Ree1 Qf6
28. Nb5 Qd8 29. a4 Bf5 30. a5 Nd3 31. Red1 Ne5 32. axb6 Rxa1 33. Rxa1 cxb6 34.
Nxd6 1-0

[Event "IV Festival Terre degli Elimi A"]
[Site "Erice ITA"]
[Date "2013.07.24"]
[Round "1"]
[White "Knol, Geon"]
[Black "Guccione, Cristoforo"]
[WhiteElo "2146"]
[BlackElo "1781"]
[Result "1/2-1/2"]
[PlyCount "76"]
[EventDate "2013.07.24"]

1. e4 d5 2. exd5 Nf6 3. Nc3 Nxd5 4. g3 e5 5. Bg2 Be6 6. Nge2 Nc6 7. a3 Nd4 8.
d3 Bg4 9. Qd2 Bf3 10. O-O Qd7 11. Nxd4 Bxg2 12. Kxg2 exd4 13. Re1+ Be7 14. Nxd5
Qxd5+ 15. f3 Kd7 16. Qe2 Rae8 17. Qe4 Qc5 18. b4 Qc3 19. Qg4+ Kd8 20. Bf4 Bd6
21. Qg5+ f6 22. Qxg7 Bxf4 23. Qxf6+ Kc8 24. gxf4 Rhg8+ 25. Kf1 Qxc2 26. Rxe8+
Rxe8 27. Qf5+ Kb8 28. Qxh7 Qe2+ 29. Kg1 Qxf3 30. Rf1 Qd5 31. Qh3 Rg8+ 32. Kf2
Qa2+ 33. Kf3 Qd2 34. Ke4 Qe2+ 35. Kxd4 Qb2+ 36. Ke4 Qe2+ 37. Kd4 Qb2+ 38. Ke4
Qe2+ 1/2-1/2

[Event "IV Festival Terre degli Elimi A"]
[Site "Erice ITA"]
[Date "2013.07.24"]
[Round "1"]
[White "Lammens, Tim"]
[Black "Savalla, Pietro"]
[WhiteElo "2316"]
[BlackElo "1909"]
[Result "1-0"]
[PlyCount "73"]
[EventDate "2013.07.24"]

1. Nf3 d5 2. g3 Nf6 3. Bg2 g6 4. b3 Bg7 5. Bb2 O-O 6. O-O b6 7. c4 e6 8. cxd5
exd5 9. d4 Bb7 10. Nc3 Nbd7 11. Qc2 c6 12. Rfd1 Qe7 13. a4 Rfd8 14. a5 b5 15.
a6 Bc8 16. e3 Rb8 17. Ne2 Rb6 18. Ne5 Nb8 19. Nf4 Ng4 20. Qc5 Re8 21. Qxb6 axb6
22. a7 Bb7 23. axb8=Q Rxb8 24. Nxg4 f6 25. h4 Bc8 26. Nh2 Qf7 27. Rdc1 Bb7 28.
Ra7 Qe8 29. Nxd5 cxd5 30. Rxb7 Rxb7 31. Bxd5+ Kh8 32. Bxb7 Qe7 33. Rc8+ Bf8 34.
Bf3 Qb4 35. d5 Kg7 36. Ng4 Qxb3 37. Rc7+ 1-0

[Event "IV Festival Terre degli Elimi A"]
[Site "Erice ITA"]
[Date "2013.07.24"]
[Round "1"]
[White "Ljubisavljevic, Zivojin Z."]
[Black "Spinella, Andrea"]
[WhiteElo "2215"]
[BlackElo "1808"]
[Result "1/2-1/2"]
[PlyCount "114"]
[EventDate "2013.07.24"]

1. d4 Nf6 2. Nf3 g6 3. Nc3 c5 4. d5 d6 5. e4 a6 6. a4 Bg7 7. a5 O-O 8. Be2 Nbd7
9. O-O Ne8 10. Be3 h6 11. Qd2 Kh7 12. h3 Nc7 13. Nh2 f5 14. exf5 gxf5 15. g4
Nf6 16. f4 Nb5 17. Nxb5 Ne4 18. Qe1 axb5 19. Bd3 e6 20. dxe6 Bxe6 21. Nf3 Bxb2
22. Rb1 Bc3 23. Bd2 Nxd2 24. Qxe6 Nxf1 25. Bxf5+ Rxf5 26. Qxf5+ Kg7 27. Rxf1
Qe7 28. Qd3 b4 29. g5 Re8 30. Nh4 Bd4+ 31. Qxd4+ cxd4 32. Nf5+ Kg6 33. Nxe7+
Rxe7 34. Rb1 hxg5 35. Rxb4 Re1+ 36. Kf2 Ra1 37. Rxd4 gxf4 38. Kf3 Rxa5 39.
Rxd6+ Kf5 40. Rb6 Rc5 41. Rb2 b5 42. Ke2 Ke4 43. Rb4+ Kf5 44. Kd3 Rd5+ 45. Rd4
Re5 46. Kd2 Re3 47. Rd3 Re5 48. Rd8 Ke4 49. Rd3 Kf5 50. Rb3 Rd5+ 51. Ke2 Re5+
52. Kf3 Rc5 53. c3 Rd5 54. Ke2 Re5+ 55. Kf2 Rd5 56. Rb2 Rc5 57. Rb3 Rd5 1/2-1/2

[Event "IV Festival Terre degli Elimi A"]
[Site "Erice ITA"]
[Date "2013.07.24"]
[Round "1"]
[White "Lo Bosco, Salvatore"]
[Black "Corsino, Gianluca"]
[WhiteElo "1720"]
[BlackElo "2094"]
[Result "0-1"]
[PlyCount "108"]
[EventDate "2013.07.24"]

1. e4 c5 2. Nf3 d6 3. d4 cxd4 4. Nxd4 Nf6 5. Nc3 g6 6. Bc4 Bg7 7. Be3 O-O 8.
Qd2 Ng4 9. Bg5 Nc6 10. Nxc6 bxc6 11. f3 Ne5 12. Bb3 Ba6 13. Bh6 Qb6 14. Bxg7
Kxg7 15. Na4 Qc7 16. Qc3 Kg8 17. O-O-O c5 18. Bd5 Rab8 19. b3 e6 20. Bc4 Bxc4
21. bxc4 Rb4 22. Nb2 Rfb8 23. Nd3 Rxc4 24. Qa3 Qb6 25. Kd2 Nxd3 26. cxd3 Qb2+
27. Qxb2 Rxb2+ 28. Ke3 Rcc2 29. g4 e5 30. Rde1 Rxa2 31. f4 Ra3 32. f5 f6 33.
Rb1 Rcc3 34. Rb8+ Kg7 35. Rb7+ Kh6 36. g5+ fxg5 37. f6 Rxd3+ 38. Ke2 Rf3 39. f7
Rae3+ 40. Kd2 Rxe4 41. Rxa7 Rf6 42. Rb1 Ref4 43. Rbb7 g4 44. Rd7 Kg5 45. f8=Q
Rxf8 46. Rxd6 Rd4+ 47. Rxd4 cxd4 48. Rxh7 Rf3 49. Re7 Kf4 50. Rf7+ Ke4 51. Rg7
Rf2+ 52. Kd1 Ke3 53. Rxg6 d3 54. Rxg4 Rf1# 0-1

[Event "IV Festival Terre degli Elimi A"]
[Site "Erice ITA"]
[Date "2013.07.24"]
[Round "1"]
[White "Lo Pinto, Giovanni"]
[Black "Dagnino, Marcello"]
[WhiteElo "1948"]
[BlackElo "1516"]
[Result "1-0"]
[PlyCount "97"]
[EventDate "2013.07.24"]

1. e4 d6 2. d4 Nf6 3. Nc3 e6 4. Be3 Be7 5. f3 a6 6. Qd2 Nbd7 7. O-O-O b5 8. Kb1
Nb6 9. a3 d5 10. e5 Nfd7 11. Na2 c5 12. f4 a5 13. Bxb5 Ba6 14. Bxa6 Rxa6 15. f5
Nc4 16. Qe2 Qb6 17. c3 Nxe3 18. Qxe3 c4 19. fxe6 fxe6 20. Ka1 O-O 21. Ne2 Raa8
22. g4 Rab8 23. Rd2 Qd8 24. h4 Bxh4 25. Qh3 g5 26. Ng1 Rf7 27. Nf3 Qf8 28. Nxh4
gxh4 29. Qxh4 Rf1+ 30. Rd1 Rxd1+ 31. Rxd1 Nb6 32. Qh3 Na4 33. Rf1 Qe7 34. Rf2
Rf8 35. Rxf8+ Qxf8 36. g5 Qf7 37. Nc1 Kh8 38. Qh6 Kg8 39. Ne2 Qf1+ 40. Ka2 Qxe2
41. Qxe6+ Kf8 42. Qf6+ Kg8 43. Qd8+ Kf7 44. Qd7+ Kg6 45. Qxa4 Kxg5 46. Qxa5 Qd1
47. Qd8+ Kg4 48. Qd7+ Kf4 49. Qxh7 1-0